00674pab a2200193 454500008004000000100002000040245004000060260000900100300001300109362001000122520012700132650002900259650002000288773003400308908000600342909001000348999001700358952010500375180718b2007 xxu||||| |||| 00| 0 eng d aGidadhubi, R.G. aPutin's economic formula for Russia c2007 ap.19-22. a8 Dec aRussia's economy has been booming under Putin, but is this based on strong foundations for sustained growth. - Reproduced. aEconomic growth - Russia aEconomic growth aEconomic and Political Weekly aN a76634 c76634d76634 00104070aIIPAbIIPAd2018-07-19hVolume no: 42, Issue no: 49pAR77094r2018-07-19w2018-07-19yAR